=LDR 00000nam 2200000 4500 =001 INLIS000000000031540 =005 20200415093954 =035 ##$$a 0010-061300000031540 =008 200415################g##########0#ind## =041 ##$$a ind =082 ##$$a 2X1.4 =090 ##$$a 2X1.4, Esl, k1 =100 1#$$a Elsutha, Saiful Hadi =245 1#$$a Keagungan Surat-surat Al-Qur'an Juz Amma , /$c Saiful Hadi El Sutha;Editor,Kartini, Susanti =260 ##$$a Jakarta :$b Zahira Press,$c 2009 =300 ##$$a 281 hlm. ; $c 13 x 19 cm =650 #4$$a Al-Qur'an-Juz Amma =700 #$$a KARTINI =850 ##$$a NBPNMAT =020 ##$$a 978-602-8438-01-8 =084 ##$$a 2X1.4 ELS k =250 ##$$a cet.1 =990 ##$$a 21400613/BPAP-NTB/20142014 =990 ##$$a 0001/BPAP-NTB/2016